000 01254 a2200301 4500
003 Nust
005 20170207154054.0
010 _a 2009455388
020 _a0821376055
020 _a9780821376058
035 _a(OCoLC)ocn234146306
040 _cNust
082 0 4 _a330.9
245 0 0 _a2009 Information and communications for development :extending reach and increasing impact.(E-BOOK)
246 1 3 _aInformation and communications for development 2009 :
_bextending reach and increasing impact
260 _aWashington, D.C. :
_bWorld Bank,
_c2009.
300 _axix, 316 p. :
_bill. ;
_c28 cm.
500 _a"This report was prepared by the Global Information and Communication Technologies (GICT) Department and the Development Economics Data Group (DECDG) of the World Bank Group."--P. xv.
650 0 _aInformation services
650 0 _aInformation services
_zDeveloping countries.
650 0 _aInformation technology
650 0 _aInformation technology
_xEconomic aspects
_zDeveloping countries.
650 0 _aTelecommunication
650 0 _aTelecommunication
_zDeveloping countries.
651 _aE-BOOK
710 2 _aWorld Bank.
_bDevelopment Data Group.
710 2 _aWorld Bank.
_bGlobal Information & Communication Technologies Dept.
942 _2ddc
_cBK
999 _c193249
_d193249